ბათუმის შოთა რუსთაველის სახელმწიფო უნივერსიტეტის ბიბლიოთეკა

ძველი საქართველოს ვერცხლი = Серебро древней Грузии = Argenterie de L'Ancienne Georgie. (ბიბ.ჩანაწერი № 60074)

000 -ლიდერი
ფიქსირებული სიგრძის საკონტროლო ველი 01429nam a22002297a 4500
003 - საკონტროლო ნომრის იდენტიფიკატორი
საკონტროლო ველი Ge_BSU
005 - ბოლო ოპერაციის თარიღი და დრო
საკონტროლო ველი 20240708143531.0
008 - ფიქსირებული სიგრძის მონაცემთა ელემენტები - ზოგადი ინფორმაცია
ფიქსირებული სიგრძის საკონტროლო ველი 230605s1983 ge ||||| |||| 00| 0 geo d
041 ## - ენის კოდი
Language code of text/sound track or separate title geo
080 ## - უნივერსალური ათობითი კლასიფიკაციის ინდექსი
Universal Decimal Classification number 739.1(479.22)(09) + 39(=353.1) მ-42
100 ## - მთავარი ჩანაწერი - პიროვნების სახელი
Personal name მაჩაბელი, კიტი
9 (RLIN) 8335
245 ## - ცნობა სათაურის შესახებ
Title ძველი საქართველოს ვერცხლი = Серебро древней Грузии = Argenterie de L'Ancienne Georgie.
Statement of responsibility, etc კიტი მაჩაბელი; რედ. : ნ. გელოვანი, რ. ლაზარევა, ნ. მეტრეველი.
264 ## - წარმოების, გამოცემის, დისტრიბუციის და სხვა ცნობები
გამოცემის, წარმოების, დისტრიბუციის... ადგილი თბილისი :
გამოცემის, წარმოების, დისტრიბუციის... სახელწოდება ხელოვნება,
გამოცემის, წარმოების, დისტრიბუციის... თარიღი 1983.
300 ## - ფიზიკური აღწერა
Extent 118 გვ. :
Other physical details ილ., 74 ფ. ილ. ;
Dimensions 27 სმ.
500 ## - ზოგადი შენიშვნა
General note პარალ. თავფურც. და ტექსტი რუს. და ფრ. ენებზე.
ბიბლიოგრ. ტექსტის შენიშვნებში.
653 ## - INDEX TERM--UNCONTROLLED
Uncontrolled term ქართული ვერცხლის ნაკეთობები
653 ## - INDEX TERM--UNCONTROLLED
Uncontrolled term ქართველების ეთნოგრაფია.
700 ## - ADDED ENTRY--PERSONAL NAME
Personal name გელოვანი, ნ.
Relator term რედაქტორი
9 (RLIN) 18465
700 ## - ADDED ENTRY--PERSONAL NAME
Personal name ლაზარევა, რ.
Relator term რედაქტორი
9 (RLIN) 18466
700 ## - ADDED ENTRY--PERSONAL NAME
Personal name მეტრეველი, ნ.
Relator term რედაქტორი
9 (RLIN) 18467
942 ## - ADDED ENTRY ELEMENTS (KOHA)
Source of classification or shelving scheme
Koha item type წიგნი
ეგზემპლარები
ჩამოწერის სტატუსი დაკარგული ეგზემპლარის სტატუსი კლასიფიკაციის წყარო ან თაროზე გაწყობის სქემა დაზიანების სტატუსი არ გაიცემა მუდმივი მდებარეობა (დაცვის ადგილი) ამჟამინდელი ადგილსამყოფელი თაროზე განთავსების ადგილი შეძენის თარიღი ღირებულება, შესყიდვის ნორმალური ფასი სრული შენახვის შიფრი შტრიხკოდი ბოლო ოპერაციის თარიღი ეგზემპლარის მიმდევრობითი ნომერი (კეტერი?) Uniform Resource Identifier ფასის ძალაში შესვლის თარიღი ეგზემპლარის სახეობა საჯარო შენიშვნა
          ბათუმის შოთა რუსთაველის სახელმწიფო უნივერსიტეტის მთავარი ბიბლიოთეკა ბათუმის შოთა რუსთაველის სახელმწიფო უნივერსიტეტის მთავარი ბიბლიოთეკა წიგნსაცავი 2023-06-05 8.00 739.1(479.22)(09) + 39(=353.1) მ-42 64525 2023-06-05 64525 ბსუ-ს საპატიო დოქტორის გურამ ლორთქიფანიძის საჩუქარი 2023-06-05 წიგნი 8 ლ.